| 000 | 01131cam a2200325 i 4500 | ||
|---|---|---|---|
| 999 |
_c56244 _d56244 |
||
| 001 | 56244 | ||
| 003 | Mx-PuUPA | ||
| 005 | 20240410104051.0 | ||
| 008 | 140415s2002 mx r 000 0 spa d | ||
| 020 | _a9682323940 | ||
| 040 |
_aMX-PuUPA _bspa _erda _cMx-PuUPA _dMx-PuUPA |
||
| 041 | 1 |
_aspa _hfre |
|
| 100 | 1 |
_aLabarre, Albert, _d1927-2010, _eautor _96857 |
|
| 240 | 1 | 0 |
_aHistorie du livre. _lEspañol |
| 245 | 1 | 0 |
_aHistoria del libro / _cpor Albert Labarre ; traducción de Omar Álvarez Salas |
| 250 | _aPrimera edición | ||
| 264 | 1 |
_aMéxico, D.F. : _bSiglo xxi editores, _c2002 |
|
| 300 |
_a150 páginas ; _c18 cm. |
||
| 336 |
_atexto _2rdacontent _btxt |
||
| 337 |
_asin medio _2rdamedia _bn |
||
| 338 |
_avolumen _2rdacarrier _bnc |
||
| 650 | 4 |
_aLibros y lectura _xHistoria |
|
| 650 | 4 |
_aImprenta _xHistoria |
|
| 650 | 4 |
_aLibros _xHistoria |
|
| 700 | 1 |
_aÁlvarez Salas, Omar, _etraductor |
|
| 765 | 1 | 8 |
_aLabarre, Albert, 1927-2010. _tHistorie du livre. _bPrimera edición _dParís : Presses Universitaires de France, 1970 |
| 942 |
_2ddc _cLI _h002 _iL112 |
||